Пограничные войска в годы Великой Отечественной войны (Запис № 307322)

МАРК-запис
000 -Лідер
fixed length control field 00994nam a22003257a 4500
003 - Ідентифікатор контрольного номера
control field UA-OsUOA
001 - Контрольний номер
control field 21129
007 - Фіксоване поле фізичного опису
fixed length control field ta
008 - Елементи даних фіксованої довжини – загальна інформація
fixed length control field 20031119b un ||||| |||| 00| 0 ukr d
090 ## - Локальний шифр розміщення
Класифікаційний індекс УДК 94(47+57)"1941/1945"
Авторський знак (НП) П43
040 ## - Джерело каталогізації
Агенція оригінальної каталогізації UA-OsUOA
Мова каталогізації rus
Агенція, яка здійснювала перезапис UA-OsUOA
Агенція, яка здійснювала модифікацію UA-OsUOA
041 ## - Код мови
Код мови тексту/ звукової доріжки чи окремого заголовка (П) rus
080 ## - Індекс Універсальної десяткової класифікації
Індекс Універсальної десяткової класифікації (УДК) (НП) 94(47+57)"1941/1945"
044 ## - Код країни видавця/ виробника
Код країни видавця/ виробника (П) RU
100 ## - Основне введення – ім’я особи
Ім’я особи (НП) Зырянов П.И.
245 ## - Відомості про назву
Назва (НП) Пограничные войска в годы Великой Отечественной войны
Решта назви (НП) сборник документов
260 ## - Публікація, розповсюдження і т.п. (Вихідні дані)
Місце публікації, розповсюдження і т.п. (П) Москва
Ім’я/ наймення видавництва, розповсюджувача і т.п. (П) Наука
Дата публікації, розповсюдження і т.п. (П) 1968
300 ## - Фізичний опис
Обсяг 707 с.
Інші фізичні характеристики (НП) Ілюстрації
650 #7 - Додаткове предметне введення – тематичний термін
Джерело заголовка чи терміна UDC
700 ## - Додаткове введення – ім'я особи
Ім’я особи (НП) Гапоненко Л.С.
700 ## - Додаткове введення – ім'я особи
Ім’я особи (НП) Заболотный Г.И.
700 ## - Додаткове введення – ім'я особи
Ім’я особи (НП) Куртов Д.И.
700 ## - Додаткове введення – ім'я особи
Ім’я особи (НП) Самсонов А.М.
700 ## - Додаткове введення – ім'я особи
Ім’я особи (НП) Цыбульский Е.В.
700 ## - Додаткове введення – ім'я особи
Ім’я особи (НП) Чугаев Д.А.
700 ## - Додаткове введення – ім'я особи
Ім’я особи (НП) Чугунов А.И.
942 ## - Додаткові елементи входу (Коха)
Тип елемента Koha Книги
955 ## - Код типу видання за змістом
Код типу видання за змістом (НП) Навчальні видання
Фонди
Стан вилучень Стан втрат Джерело класифікації або схеми стелажів Стан уражень Не для кредиту Постійне місце розташування Поточне розміщення Дата придбання Інвентарний номер Усього замовленно Штрих-код Дата останнього перегляду Ціна ефективна від Тип елемента Koha
    Universal Decimal Classification     АБ - Абонемент НБ АБ - Абонемент НБ 19/11/2003 10870   10870 26/01/2022 19/11/2003 Книги